• 首页
  • 本馆介绍
  • 公告通知
  • 最新文献
  • 馆藏检索
  • 电子资源
  • 读者导购
  • 参考咨询
  • 我的图书馆
  • 登录
  • 详细信息显示
  • 放入我的书架
  • 预约/预借图书
  • 作者相关作品
  • 分类相关作品
  • 丛书相关作品
  • 出版社相关作品

书目信息

  • 表格格式
  • 工作单格式
  • 卡片格式
题名:
低应力金刚石复合片的高压制备技术
    
 
作者: 贾洪声
分册:  
出版信息: 南京   江苏凤凰科学技术出版社  2016.03
页数: 132页
开本: 26cm
丛书名:
单 册:
中图分类: TQ164.8
科图分类:
主题词: 宝石--人工合成 , 宝石合成--生产
电子资源:
ISBN: 978-7-5537-6205-0
000 00694nam0 2200217 450
001 3718
005 20160927085750.85
010    @a978-7-5537-6205-0@b平装@dCNY26.00
100    @a20151002d2016 km y0chiy0120 ea
101 0  @achi
102    @aCN@b320000
200 1  @a低应力金刚石复合片的高压制备技术@Adi ying li jin gang shi fu he pian de gao ya zhi bei ji shu@f贾洪声@Fjia hong sheng
210    @a南京@c江苏凤凰科学技术出版社@d2016.03
215    @a132页@d26cm
330    @a金刚石·符合材料·高压·制备
606 0  @a宝石@x人工合成
606 0  @a宝石合成@x生产
690    @aTQ164.8@v4
701  0 @a贾洪声@Ajia hong sheng
801  0 @aCN@b唐山师范学院图书馆@c20151002
905    @aZUCC@dTQ164.8@e3
    
    低应力金刚石复合片的高压制备技术/贾洪声.-南京:江苏凤凰科学技术出版社,2016.03
    132页;26cm
    
    
    ISBN 978-7-5537-6205-0(平装):CNY26.00
    金刚石·符合材料·高压·制备
●
相关链接 在E读中查询图书 在五车中查询图书 在当当中查询图书 在豆瓣中查询图书


正题名:低应力金刚石复合片的高压制备技术     索取号:TQ164.8/3         预约/预借

序号 登录号 条形码 馆藏地/架位号 状态 备注
1 906278   209062789   第二样本阅览室/ [索取号:TQ164.8/3] 在馆    
2 906279   209062798   第三借阅区/ [索取号:TQ164.8/3] 在馆    
3 906280   209062805   第三借阅区/ [索取号:TQ164.8/3] 在馆    
4 906281   209062814   第三借阅区/ [索取号:TQ164.8/3] 在馆    
5 906282   209062823   第三借阅区/ [索取号:TQ164.8/3] 在馆    
唐山师范学院图书馆 欢迎您!
大连网信软件有限公司© 版权所有